[Event "Acropolis 2008"]
[Site "Athens"]
[Date "2008.08.17"]
[Round "9.38"]
[White "Iordanidou, Zoi"]
[Black "Kokolias, Konstantinos"]
[Result "1/2-1/2"]
[WhiteElo "2060"]
[BlackElo "2197"]
[PlyCount "200"]
[EventDate "2008.08.09"]

1. e4 c6 2. d4 d5 3. exd5 cxd5 4. Bd3 Nc6 5. c3 Nf6 6. Bf4 Bg4 7. Ne2 Bh5 8.
O-O e6 9. Nd2 Bd6 10. Bxd6 Qxd6 11. f3 O-O 12. Ng3 Bg6 13. Bxg6 hxg6 14. f4
Rfc8 15. h4 b5 16. h5 gxh5 17. Nxh5 Nxh5 18. Qxh5 g6 19. Qf3 Kg7 20. Kf2 Rh8
21. Rh1 b4 22. Qe3 bxc3 23. bxc3 Ne7 24. Nb3 Nf5 25. Qe5+ Qxe5 26. fxe5 Rab8
27. Rxh8 Kxh8 28. g4 Ne7 29. Ke3 Kg7 30. Rh1 g5 31. Rh2 Rh8 32. Rxh8 Kxh8 33.
Nd2 Kg7 34. Nf3 Kg6 35. Kd3 Ng8 36. c4 Ne7 37. c5 Nc6 38. Kc3 f5 39. exf6 Kxf6
40. a3 e5 41. dxe5+ Nxe5 42. Nxe5 Kxe5 43. Kd3 a6 44. Kc3 d4+ 45. Kc4 Ke4 46.
c6 d3 47. c7 d2 48. c8=Q d1=Q 49. Qf5+ Ke3 50. Qxg5+ Kf2 51. Qf4+ Kg2 52. Kc5
Qb3 53. Qb4 Qe3+ 54. Kd5 Kh3 55. a4 Qg5+ 56. Kc6 Qf6+ 57. Kb7 Qf3+ 58. Kxa6
Qc6+ 59. Ka5 Qc7+ 60. Qb6 Qe5+ 61. Ka6 Kxg4 62. a5 Kh4 63. Qd8+ Kh3 64. Ka7
Qc5+ 65. Qb6 Qe7+ 66. Kb8 Qe8+ 67. Kc7 Qe7+ 68. Kc6 Qe6+ 69. Kc5 Qe5+ 70. Kc4
Qe2+ 71. Kd4 Qd2+ 72. Ke4 Qc2+ 73. Kf4 Qc4+ 74. Kf3 Qd5+ 75. Ke2 Qc4+ 76. Kf2
Qf4+ 77. Ke2 Qc4+ 78. Kd2 Qd5+ 79. Kc3 Qe5+ 80. Kc4 Qe2+ 81. Kc5 Qe5+ 82. Kc6
Qe6+ 83. Kb7 Qd5+ 84. Kb8 Qe5+ 85. Qc7 Qb5+ 86. Ka7 Kh4 87. a6 Qd5 88. Kb8 Qb5+
89. Qb7 Qe8+ 90. Kc7 Qe7+ 91. Kb8 Qd8+ 92. Qc8 Qd6+ 93. Kb7 Qb4+ 94. Kc7 Qc5+
95. Kd7 Qf5+ 96. Kd8 Qf8+ 97. Kc7 Qc5+ 98. Kb8 Qd6+ 99. Ka8 Qd5+ 100. Qb7 Qd8+
1/2-1/2

[Event "Acropolis 2008"]
[Site "Athens"]
[Date "2008.08.17"]
[Round "9.39"]
[White "Manelidou, Maria"]
[Black "Makka, Evanthia"]
[Result "1/2-1/2"]
[WhiteElo "1975"]
[BlackElo "2099"]
[PlyCount "93"]
[EventDate "2008.08.09"]

1. e4 d5 2. exd5 Qxd5 3. Nc3 Qa5 4. Bc4 Nf6 5. Nge2 Bg4 6. O-O Nc6 7. d3 e6 8.
f3 Bf5 9. Kh1 Qc5 10. Ng3 Bg6 11. Qe1 a6 12. Be3 Qd6 13. Nce4 Nxe4 14. Nxe4 Qd8
15. Qc3 Qh4 16. Bg5 Qh5 17. Bf4 Qa5 18. Rab1 Qxc3 19. bxc3 O-O-O 20. d4 Na5 21.
Be2 Be7 22. Rfd1 Rd7 23. Bd3 Rhd8 24. Bd2 c5 25. Nf2 Bxd3 26. cxd3 cxd4 27.
cxd4 Nc6 28. Rdc1 Rxd4 29. Bc3 Ra4 30. Bxg7 Rxa2 31. Kg1 Rg8 32. Be5 f6 33. Bg3
e5 34. Kf1 Rd8 35. f4 Bd6 36. Bh4 Rf8 37. Ne4 Ba3 38. Rc3 f5 39. Nf2 exf4 40.
d4 Rb2 41. Rd1 Bb4 42. Rc4 Kb8 43. d5 Ne5 44. Rxb4 Rxb4 45. Be7 Nc4 46. Bxb4
Ne3+ 47. Ke2 1/2-1/2

[Event "Acropolis 2008"]
[Site "Athens"]
[Date "2008.08.17"]
[Round "9.40"]
[White "Filippas, Sebastian"]
[Black "Nathanail, Emanouel"]
[Result "1-0"]
[WhiteElo "2240"]
[BlackElo "2219"]
[PlyCount "59"]
[EventDate "2008.08.09"]

1. d4 d5 2. c4 Bf5 3. Nc3 e6 4. Nf3 Nc6 5. a3 Nf6 6. Bg5 Be7 7. e3 O-O 8. Be2
dxc4 9. Bxc4 Nd5 10. Bxe7 Ncxe7 11. O-O Nxc3 12. bxc3 c5 13. Be2 Qd7 14. Qb3 b6
15. Rac1 Rac8 16. Rfd1 cxd4 17. exd4 Rfd8 18. h3 Nd5 19. c4 Nf4 20. Bf1 Be4 21.
g3 Ng6 22. h4 h6 23. Qe3 Qb7 24. Be2 Qa6 25. Nd2 Rc7 26. Rb1 Ne7 27. g4 Rdd7
28. Rdc1 Nc6 29. Nb3 Qa4 30. Bd1 1-0